000 00342nam a2200145Ia 4500
008 191201s2014 xx 000 0 und d
082 _a005.73
_bLID
100 _aLIPSCHUTZ, Seymour
245 0 _aData Structures
250 _aRev 1st
260 _aN.Delhi
_bTMH
_c2014
300 _a9.27 MISC
650 _aB.Tech(CSE)
942 _2ddc
_cBK
_035
999 _c5997
_d5997